000 01260nam a2200337 i 4500
003 EG-GICUC
005 20260206050714.0
008 260111s1935 ua o|||fr|||| 00| 0 ara d
040 _a EG-GICUC
_bara
_c EG-GICUC
_d EG-GICUC
_erda
041 0 _aAra
082 0 4 _221
_a343.83
_bم ح . ت
092 0 4 _221
099 _aLaw1 10 343.83 م ح . ت 1935
100 0 _aمحمد زكى شافعى
_eمؤلف.
245 1 2 _aالتشريح المرضى والجنائى /
_cتأليف الدكتور محمد زكى شافعى، الدكتور بيني شحاته.
250 _aالطبعة الأولى
264 3 _aالقاهرة :
_bمطبعة أمين عبدالرحمن،
_c1935.
300 _a 499 صفحة :
_b صور؛
_c24 سم.
336 _2rda content
_atext
337 _2rda media
_aComputer
338 _2rda carrier
_aOnline Resource
504 _a ببليوجرافيا: صفحات487.
546 _aالنص باللغة العربية
650 1 _aالطب الشرعى
_2qrmak
650 1 _aالقانون الجنائى
_2qrmak
651 1 _2qrmak
700 0 _aبينى شحاته
_eمؤلف مشارك.
856 4 0 _uhttps://fll.law.cu.edu.eg/fulltext/bks/B10-07740.pdf
905 _a54
_eYara
942 _2ddc
_cBK
_e21
_n0
999 _c56145
_d56145